00418nam a2200157Ia 4500003000400000008004100004040001600045082001500061100002300076245007100099260003000170300001000200650001500210650001400225650002100239GCL140319s9999 xx 000 0 eng d aGCL / cGCL04a658.84bMB1 aMCCARTHY, E. JERMO10aBASIC MARKETING: A GLOBAL MANERIAL APPROACH / cMCCARTHY, E. JERMO a[S.N] : bIRWIN ، c1993 a763 P04aMANAGEMENT04aMARKETING04aEXPORT MARKETING